[Event "Chichester Young Masters"]
[Site "Chichester"]
[Date "1981.02.28"]
[Round "4"]
[White "Cummings, David"]
[Black "Dickenson, Neil F"]
[Result "1-0"]
[WhiteElo "2330"]
[BlackElo "2240"]
[PlyCount "107"]
[GameId "996665247612928"]
[EventDate "1981.02.27"]
[EventType "swiss"]
[EventRounds "6"]
[EventCountry "ENG"]
[SourceTitle "EXT 2023"]
[Source "ChessBase"]
[SourceDate "2022.10.05"]
[SourceVersion "1"]
[SourceVersionDate "2022.10.05"]
[SourceQuality "1"]

1. c4 e6 2. Nf3 c5 3. g3 b6 4. Bg2 Bb7 5. O-O Nf6 6. b3 a6 7. Bb2 Be7 8. Nc3 d6 9. e3 O-O 10. Qe2 Nbd7 11. d3 Bc6 12. e4 b5 13. Nd2 Qc7 14. f4 Qb7 15. g4 Ne8 16. g5 g6 17. Nd5 Nb6 18. Nxe7+ Qxe7 19. Rf3 e5 20. Qf2 f5 21. gxf6 Rxf6 22. Rf1 Rxf4 23. Rxf4 exf4 24. Qxf4 Nd7 25. Bh3 Nc7 26. Nf3 Rf8 27. Qh6 Ne5 28. Nxe5 Rxf1+ 29. Bxf1 dxe5 30. Qe3 bxc4 31. bxc4 Ne6 32. Bxe5 Qb7 33. Qf2 Qe7 34. Qf6 Qxf6 35. Bxf6 Kf7 36. Bb2 g5 37. Kf2 Kg6 38. Bh3 Nf4 39. Bf5+ Kh6 40. Ke3 Ng2+ 41. Kd2 Nh4 42. Bg4 Ng6 43. Ke3 Ba4 44. Bf5 Bc2 45. Bxg6 Kxg6 46. Be5 h5 47. Bd6 g4 48. Bxc5 h4 49. Bd6 Kf6 50. Bf4 a5 51. c5 Ba4 52. d4 Ke6 53. d5+ Kd7 54. e5 1-0

[Event "Chichester Young Masters"]
[Site "Chichester"]
[Date "1981.03.01"]
[Round "5"]
[White "Nunn, John DM"]
[Black "Cummings, David"]
[Result "1/2-1/2"]
[WhiteElo "2575"]
[BlackElo "2330"]
[PlyCount "97"]
[GameId "996665247760384"]
[EventDate "1981.02.27"]
[EventType "swiss"]
[EventRounds "6"]
[EventCountry "ENG"]
[SourceTitle "EXT 2023"]
[Source "ChessBase"]
[SourceDate "2022.10.05"]
[SourceVersion "1"]
[SourceVersionDate "2022.10.05"]
[SourceQuality "1"]

1. e4 c5 2. Nf3 e6 3. d4 cxd4 4. Nxd4 Nc6 5. Nc3 a6 6. Be2 Qc7 7. f4 b5 8. Be3 Bb7 9. Nb3 d6 10. a3 Nf6 11. O-O Be7 12. Bf3 O-O 13. Qe2 Nd7 14. Qf2 Rac8 15. Rfd1 Nc5 16. Nd4 Rfe8 17. Nde2 b4 18. axb4 Nxb4 19. Rd2 Qb8 20. Ng3 Bf8 21. Nh5 Kh8 22. Qg3 Nd7 23. Qf2 Nc5 24. Rad1 Qa8 25. Rd4 a5 26. Ra1 Qb8 27. Rd2 Qa8 28. Ng3 Bc6 29. Rd4 Rb8 30. Rd2 Rbc8 31. Rdd1 Bb7 32. Ra3 d5 33. Rda1 dxe4 34. Bh5 Rc7 35. Rxa5 Qc8 36. Nb5 Ncd3 37. cxd3 Rc2 38. Qf1 exd3 39. Bf3 Bc5 40. Bxb7 Bxe3+ 41. Kh1 Qxb7 42. Nd6 Qc6 43. Nxe8 h6 44. Ra8 Kh7 45. Rd8 Rf2 46. Qg1 Rxb2 47. Qf1 Rf2 48. Qg1 Rc2 49. Qf1 1/2-1/2

[Event "Copenhagen Open-04 (Politiken Cup-03)"]
[Site "Copenhagen"]
[Date "1982.06.??"]
[Round "1"]
[White "Cummings, David"]
[Black "Hoi, Carsten"]
[Result "1/2-1/2"]
[WhiteElo "2305"]
[BlackElo "2425"]
[PlyCount "106"]
[GameId "1114898697580544"]
[EventDate "1982.06.??"]
[EventType "swiss"]
[EventRounds "10"]
[EventCountry "DEN"]
[SourceTitle "EXT 2000"]
[Source "ChessBase"]
[SourceDate "1999.11.18"]
[SourceVersion "1"]
[SourceVersionDate "1999.11.18"]
[SourceQuality "1"]

1. Nf3 g6 2. c4 Bg7 3. d4 Nf6 4. Nc3 O-O 5. e4 d6 6. Be2 Bg4 7. Be3 Nc6 8. d5 Bxf3 9. Bxf3 Ne5 10. Be2 c6 11. f4 Ned7 12. O-O Rc8 13. Rb1 a6 14. Qd2 Qc7 15. Rfc1 Rfe8 16. Bf3 Qb8 17. b4 cxd5 18. Nxd5 e5 19. Nxf6+ Nxf6 20. f5 b5 21. fxg6 hxg6 22. c5 dxc5 23. bxc5 Qa8 24. Qc2 Kh7 25. a4 bxa4 26. Qxa4 Bh6 27. Bxh6 Kxh6 28. Rb6 Re6 29. Rxe6 fxe6 30. c6 Qa7+ 31. Kh1 Qe3 32. Qc2 g5 33. Qc3 Qd4 34. h3 Rc7 35. Qxd4 exd4 36. e5 Nd5 37. Bxd5 exd5 38. Rc5 d3 39. Rxd5 Rxc6 40. Rxd3 Rc1+ 41. Kh2 Re1 42. Rd5 Kg6 43. g4 Re2+ 44. Kg3 Re3+ 45. Kg2 Kf7 46. Ra5 Kg7 47. Kf2 Rxh3 48. Rxa6 Rb3 49. Rf6 Ra3 50. Rf5 Kg6 51. Rf3 Ra5 52. Re3 Kf7 53. e6+ Ke7 1/2-1/2

[Event "Copenhagen Open-04 (Politiken Cup-03)"]
[Site "Copenhagen"]
[Date "1982.06.??"]
[Round "2"]
[White "Kirov, Nino"]
[Black "Cummings, David"]
[Result "1/2-1/2"]
[WhiteElo "2430"]
[BlackElo "2305"]
[PlyCount "94"]
[GameId "1114898697748480"]
[EventDate "1982.06.??"]
[EventType "swiss"]
[EventRounds "10"]
[EventCountry "DEN"]
[SourceTitle "EXT 2000"]
[Source "ChessBase"]
[SourceDate "1999.11.18"]
[SourceVersion "1"]
[SourceVersionDate "1999.11.18"]
[SourceQuality "1"]

1. Nf3 Nf6 2. g3 b6 3. Bg2 Bb7 4. O-O g6 5. c4 Bg7 6. Nc3 O-O 7. d4 Ne4 8. Nd5 e6 9. Ne3 d5 10. cxd5 exd5 11. Ng4 Nd7 12. Bh6 Ndf6 13. Nxf6+ Qxf6 14. Bxg7 Kxg7 15. Rc1 c5 16. dxc5 bxc5 17. Nd2 Rab8 18. Nxe4 dxe4 19. b3 Rfc8 20. Rc2 Qe5 21. Qd2 Ba6 22. Rfc1 Rb4 23. e3 Bd3 24. f4 exf3 25. Qxd3 fxg2 26. Kxg2 a5 27. Rc4 Rxc4 28. Rxc4 Re8 29. Qc3 Qxc3 30. Rxc3 Re4 31. Rxc5 a4 32. Rc4 Rxc4 33. bxc4 Kf6 34. g4 Ke5 35. g5 Kd6 36. Kf3 Kc5 37. Ke4 Kxc4 38. Ke5 a3 39. Kf6 Kc3 40. Kxf7 Kb2 41. e4 Kxa2 42. e5 Kb1 43. e6 a2 44. e7 a1=Q 45. e8=Q Qa2+ 46. Qe6 Qxh2 47. Qb3+ Ka1 1/2-1/2

[Event "Copenhagen Open-04 (Politiken Cup-03)"]
[Site "Copenhagen"]
[Date "1982.06.??"]
[Round "3"]
[White "Cummings, David"]
[Black "Davies, Nigel Rodney"]
[Result "1/2-1/2"]
[WhiteElo "2305"]
[BlackElo "2410"]
[PlyCount "95"]
[GameId "1114898697842688"]
[EventDate "1982.06.??"]
[EventType "swiss"]
[EventRounds "10"]
[EventCountry "DEN"]
[SourceTitle "EXT 2000"]
[Source "ChessBase"]
[SourceDate "1999.11.18"]
[SourceVersion "1"]
[SourceVersionDate "1999.11.18"]
[SourceQuality "1"]

1. c4 g6 2. Nc3 Bg7 3. g3 c5 4. Bg2 Nc6 5. Rb1 b6 6. Nh3 Bb7 7. Nf4 d6 8. O-O Qd7 9. d3 Nh6 10. Bd2 Nf5 11. a3 h5 12. h4 e6 13. Ne4 Ne5 14. b4 Bc6 15. Qc1 Rd8 16. a4 O-O 17. a5 Nd4 18. Bc3 Rfe8 19. axb6 axb6 20. bxc5 bxc5 21. Bxd4 cxd4 22. Qa3 d5 23. cxd5 Bxd5 24. Rb6 Qc7 25. Rfb1 Bxe4 26. Bxe4 Bh6 27. Rb7 Qc2 28. Qb2 Qxb2 29. R1xb2 Ra8 30. Kg2 Ra1 31. Rc7 Re1 32. Nh3 Bc1 33. Rb5 Ng4 34. Bf3 Bd2 35. Rbb7 Ne5 36. Ng5 Rc1 37. Rxc1 Bxc1 38. Be4 Rf8 39. Rb5 Ng4 40. Nf3 Rd8 41. Rb4 Ba3 42. Rc4 Bb2 43. Rc7 Bc3 44. Ng5 Rf8 45. Bf3 Nh6 46. Bb7 Ba5 47. Rc5 Rb8 48. Ba6 1/2-1/2

[Event "Copenhagen Open-04 (Politiken Cup-03)"]
[Site "Copenhagen"]
[Date "1982.06.??"]
[Round "4"]
[White "Bellin, Robert"]
[Black "Cummings, David"]
[Result "0-1"]
[WhiteElo "2410"]
[BlackElo "2305"]
[PlyCount "66"]
[GameId "1114898697945088"]
[EventDate "1982.06.??"]
[EventType "swiss"]
[EventRounds "10"]
[EventCountry "DEN"]
[SourceTitle "EXT 2000"]
[Source "ChessBase"]
[SourceDate "1999.11.18"]
[SourceVersion "1"]
[SourceVersionDate "1999.11.18"]
[SourceQuality "1"]

1. d4 Nf6 2. Nc3 d5 3. Bg5 Nbd7 4. Nf3 h6 5. Bh4 g6 6. e3 Bg7 7. Bd3 O-O 8. O-O b6 9. Nd2 c5 10. f4 e6 11. a4 a6 12. Nf3 Bb7 13. Ne5 Qc8 14. Qf3 Bc6 15. g4 c4 16. Nxg6 fxg6 17. Bxg6 Nh7 18. Qh3 Ndf6 19. g5 Be8 20. gxf6 Bxg6 21. fxg7 Rf7 22. Bg3 Bf5 23. Qxh6 Rxg7 24. Kf2 Rg6 25. Qh5 Nf6 26. Qe2 b5 27. axb5 axb5 28. Nxb5 Ne4+ 29. Kg2 Rb8 30. Na3 Qd8 31. Rg1 Rxb2 32. Kf1 Bh3+ 33. Ke1 Qa5+ 0-1

[Event "Copenhagen Open-04 (Politiken Cup-03)"]
[Site "Copenhagen"]
[Date "1982.06.??"]
[Round "6"]
[White "Taulbut, Shaun M"]
[Black "Cummings, David"]
[Result "1/2-1/2"]
[WhiteElo "2435"]
[BlackElo "2305"]
[PlyCount "27"]
[GameId "1114898698293248"]
[EventDate "1982.06.??"]
[EventType "swiss"]
[EventRounds "10"]
[EventCountry "DEN"]
[SourceTitle "EXT 2000"]
[Source "ChessBase"]
[SourceDate "1999.11.18"]
[SourceVersion "1"]
[SourceVersionDate "1999.11.18"]
[SourceQuality "1"]

1. d4 Nf6 2. Nf3 e6 3. Bg5 c5 4. e3 b6 5. d5 d6 6. Bb5+ Bd7 7. Bxd7+ Nbxd7 8. dxe6 fxe6 9. c4 Be7 10. Nc3 a6 11. Bf4 Nf8 12. Qa4+ Qd7 13. Nb5 Ra7 14. Nc3 1/2-1/2

[Event "Copenhagen Open-04 (Politiken Cup-03)"]
[Site "Copenhagen"]
[Date "1982.06.??"]
[Round "7"]
[White "Cummings, David"]
[Black "Wedberg, Tom"]
[Result "0-1"]
[WhiteElo "2305"]
[BlackElo "2435"]
[PlyCount "88"]
[GameId "1114898698338304"]
[EventDate "1982.06.??"]
[EventType "swiss"]
[EventRounds "10"]
[EventCountry "DEN"]
[SourceTitle "EXT 2000"]
[Source "ChessBase"]
[SourceDate "1999.11.18"]
[SourceVersion "1"]
[SourceVersionDate "1999.11.18"]
[SourceQuality "1"]

1. Nf3 c5 2. c4 Nc6 3. Nc3 e5 4. e3 Nf6 5. b3 Be7 6. Bb2 O-O 7. Qc2 Re8 8. Be2 Bf8 9. d3 d5 10. cxd5 Nxd5 11. O-O Bg4 12. a3 Rc8 13. h3 Be6 14. Ne4 f6 15. Rac1 b6 16. Qb1 Kh8 17. Rfe1 Bg8 18. g4 Qd7 19. Ng3 Na5 20. Nd2 b5 21. Kh2 Nb6 22. Ba1 Red8 23. Red1 Qf7 24. a4 bxa4 25. bxa4 Rb8 26. Qc2 Nc6 27. Nc4 Nb4 28. Qd2 Nxc4 29. Rxc4 Qd7 30. Rcc1 Qxa4 31. g5 c4 32. d4 Na2 33. gxf6 Nxc1 34. Qxc1 gxf6 35. e4 Qa3 36. Qd2 Rb3 37. d5 c3 38. Qc2 Bf7 39. Bc4 Rb4 40. Ba2 Rd4 41. Rxd4 exd4 42. Nf5 Bd6+ 43. Kg2 Rg8+ 44. Ng3 Be5 0-1

[Event "Lloyds Bank op 06th"]
[Site "London"]
[Date "1982.09.01"]
[Round "8"]
[White "Cummings, David"]
[Black "Zlotnikov, Mikhail"]
[Result "1/2-1/2"]
[WhiteElo "2305"]
[BlackElo "2350"]
[PlyCount "120"]
[GameId "1114898380595200"]
[EventDate "1982.08.??"]
[EventType "swiss"]
[EventRounds "9"]
[EventCountry "ENG"]
[SourceTitle "EXT 2008"]
[Source "ChessBase"]
[SourceDate "2007.11.25"]
[SourceVersion "1"]
[SourceVersionDate "2007.11.25"]
[SourceQuality "1"]

1. Nf3 Nf6 2. c4 g6 3. Nc3 Bg7 4. e4 d6 5. d4 O-O 6. Be2 Nbd7 7. O-O e5 8. Re1 c6 9. Bf1 a5 10. dxe5 dxe5 11. Na4 Qe7 12. Qc2 Re8 13. c5 Bf8 14. Be3 Ng4 15. Bg5 f6 16. Bd2 Nxc5 17. Nb6 Rb8 18. Bxa5 Ne6 19. h3 Nh6 20. a4 Nf7 21. Bc3 Qc7 22. Nxc8 Rbxc8 23. b4 c5 24. Qb2 Nd4 25. Bxd4 cxd4 26. Rec1 Qe7 27. b5 Nd6 28. Nd2 Bh6 29. a5 Bxd2 30. Qxd2 Nxe4 31. Qa2+ Kg7 32. Rxc8 Rxc8 33. a6 Nc3 34. Qa5 bxa6 35. bxa6 Qa7 36. Ra3 Rb8 37. Bc4 e4 38. Rb3 Rxb3 39. Bxb3 e3 40. fxe3 dxe3 41. Qxc3 e2+ 42. Kh2 Qf2 43. Qc7+ Kh6 44. Qc1+ g5 45. a7 Qxa7 46. Qe1 Qb8+ 47. g3 Qxb3 48. Qxe2 Qb4 49. Qd3 Qb6 50. Kg2 Qc6+ 51. Kh2 Kg7 52. g4 Qe8 53. Qf3 h5 54. h4 hxg4 55. Qxg4 Kg6 56. hxg5 fxg5 57. Kg2 Qe3 58. Kh2 Qf2+ 59. Kh3 Kf6 60. Qxg5+ Kxg5 1/2-1/2

[Event "Lloyds Bank op 06th"]
[Site "London"]
[Date "1982.09.02"]
[Round "9"]
[White "Britton, Richard"]
[Black "Cummings, David"]
[Result "1-0"]
[WhiteElo "2285"]
[BlackElo "2305"]
[PlyCount "67"]
[GameId "1114898380656640"]
[EventDate "1982.08.??"]
[EventType "swiss"]
[EventRounds "9"]
[EventCountry "ENG"]
[SourceTitle "EXT 2008"]
[Source "ChessBase"]
[SourceDate "2007.11.25"]
[SourceVersion "1"]
[SourceVersionDate "2007.11.25"]
[SourceQuality "1"]

1. e4 c5 2. Nf3 e6 3. d3 Nc6 4. g3 b6 5. Bg2 d5 6. e5 Qc7 7. Qe2 Nge7 8. O-O Nf5 9. c3 h5 10. h4 Ba6 11. Re1 b5 12. Bf4 O-O-O 13. Bh3 g6 14. Nbd2 Qb6 15. a3 Bb7 16. b4 cxb4 17. axb4 d4 18. c4 Bxb4 19. cxb5 Qxb5 20. Reb1 a5 21. Nc4 Kb8 22. Ng5 Rd7 23. Bd2 Rc8 24. Bg2 Qc5 25. Ne4 Qe7 26. Nxa5 Bxa5 27. Bxa5 Nxa5 28. Rxa5 Rd5 29. Ra4 Rxe5 30. Qa2 Re8 31. Ra8+ Kc7 32. Rxb7+ Kxb7 33. Qa6+ Kc7 34. Ra7+ 1-0

[Event "British CF-70 Championship"]
[Site "Southport/ Merseyside"]
[Date "1983.08.09"]
[Round "2"]
[White "Cummings, David"]
[Black "Murshed, Niaz"]
[Result "1/2-1/2"]
[WhiteElo "2360"]
[BlackElo "2380"]
[PlyCount "62"]
[GameId "1114898467164160"]
[EventDate "1983.08.08"]
[EventType "swiss"]
[EventRounds "11"]
[EventCountry "ENG"]
[SourceTitle "EXT 1999"]
[Source "ChessBase"]
[SourceDate "1998.11.10"]
[SourceVersion "1"]
[SourceVersionDate "1998.11.10"]
[SourceQuality "1"]

1. Nf3 Nf6 2. c4 e6 3. g3 d5 4. Bg2 Be7 5. O-O O-O 6. d4 Nbd7 7. Qc2 a6 8. b3 dxc4 9. bxc4 c5 10. Rd1 cxd4 11. Nxd4 Qc7 12. Nd2 Nb6 13. Rb1 Bd7 14. c5 Ba4 15. N2b3 Nbd5 16. Ba3 a5 17. Rdc1 Rfd8 18. Qc4 Qd7 19. c6 Bxc6 20. Bxe7 Nxe7 21. Nxc6 bxc6 22. e3 Nfd5 23. Nc5 Qc8 24. e4 Nc7 25. a4 e5 26. Nb3 Qe6 27. Qc3 Ne8 28. Nxa5 Rd4 29. Nxc6 Nxc6 30. Qxc6 Qxc6 31. Rxc6 Rdxa4 1/2-1/2

[Event "British CF-70 Championship"]
[Site "Southport/ Merseyside"]
[Date "1983.08.11"]
[Round "4"]
[White "Cummings, David"]
[Black "Knott, Simon JB"]
[Result "1-0"]
[WhiteElo "2360"]
[BlackElo "2250"]
[PlyCount "75"]
[GameId "1107656858869760"]
[EventDate "1983.08.08"]
[EventType "swiss"]
[EventRounds "11"]
[EventCountry "ENG"]
[SourceTitle "EXT 1999"]
[Source "ChessBase"]
[SourceDate "1998.11.10"]
[SourceVersion "1"]
[SourceVersionDate "1998.11.10"]
[SourceQuality "1"]

1. Nf3 Nf6 2. g3 g6 3. Bg2 Bg7 4. O-O O-O 5. d4 d5 6. Ne5 Ng4 7. f4 Nxe5 8. dxe5 c6 9. Nd2 Na6 10. e4 dxe4 11. Nxe4 Qxd1 12. Rxd1 Bg4 13. Rd2 f6 14. exf6 exf6 15. Nd6 Rab8 16. h3 Bd7 17. Re2 b6 18. Be3 f5 19. Rd1 Nb4 20. c3 Nd5 21. Bd4 Bxd4+ 22. Rxd4 Rf6 23. Nc4 Be6 24. Ne5 Ne7 25. Nd7 Bxd7 26. Rxd7 Nd5 27. Bxd5+ cxd5 28. Ree7 a5 29. Rg7+ Kf8 30. Rxh7 Kg8 31. Rhe7 Kf8 32. Re5 Re8 33. Rdxd5 Rfe6 34. Kf2 Kf7 35. h4 Kf6 36. h5 Rxe5 37. Rxe5 Rh8 38. Rb5 1-0

[Event "British CF-70 Championship"]
[Site "Southport/ Merseyside"]
[Date "1983.08.13"]
[Round "6"]
[White "Cummings, David"]
[Black "Richardson, John R"]
[Result "1/2-1/2"]
[WhiteElo "2360"]
[BlackElo "2260"]
[PlyCount "82"]
[GameId "1114898467532800"]
[EventDate "1983.08.08"]
[EventType "swiss"]
[EventRounds "11"]
[EventCountry "ENG"]
[SourceTitle "EXT 1999"]
[Source "ChessBase"]
[SourceDate "1998.11.10"]
[SourceVersion "1"]
[SourceVersionDate "1998.11.10"]
[SourceQuality "1"]

1. Nf3 f5 2. g3 Nf6 3. Bg2 e6 4. O-O Be7 5. c4 O-O 6. d4 d5 7. Nbd2 c6 8. Ne5 Nbd7 9. Nd3 Ne4 10. Qc2 Nd6 11. b3 Nf6 12. Nf3 Bd7 13. a4 Qe8 14. Nfe5 Rc8 15. f3 Kh8 16. Nc5 b6 17. Nexd7 Nxd7 18. Nxe6 Bf6 19. Nxf8 Bxd4+ 20. Kh1 Bxa1 21. Nxd7 Qxd7 22. Bf4 Bf6 23. Bh3 Re8 24. cxd5 cxd5 25. Bxd6 Qxd6 26. Bxf5 g6 27. Bd3 Qc5 28. Qxc5 bxc5 29. e4 dxe4 30. Bxe4 a5 31. Rd1 Bd4 32. Kg2 Kg7 33. h4 Rb8 34. Rd3 Re8 35. g4 h6 36. Kg3 Kf6 37. Rd1 Rb8 38. Rb1 Re8 39. Re1 g5 40. hxg5+ hxg5 41. Rh1 Be3 1/2-1/2

[Event "British CF-70 Championship"]
[Site "Southport/ Merseyside"]
[Date "1983.08.17"]
[Round "9"]
[White "Watson, William N"]
[Black "Cummings, David"]
[Result "1/2-1/2"]
[WhiteElo "2395"]
[BlackElo "2360"]
[PlyCount "63"]
[GameId "1114898467889152"]
[EventDate "1983.08.08"]
[EventType "swiss"]
[EventRounds "11"]
[EventCountry "ENG"]
[SourceTitle "EXT 1999"]
[Source "ChessBase"]
[SourceDate "1998.11.10"]
[SourceVersion "1"]
[SourceVersionDate "1998.11.10"]
[SourceQuality "1"]

1. e4 c6 2. d4 d5 3. Nd2 dxe4 4. Nxe4 Bf5 5. Ng3 Bg6 6. h4 h6 7. h5 Bh7 8. Nf3 Nd7 9. Bd3 Bxd3 10. Qxd3 e6 11. Bd2 Qc7 12. O-O-O O-O-O 13. Qe2 Ngf6 14. Ne5 Nb6 15. Ba5 Rd5 16. Bxb6 axb6 17. c4 Ra5 18. Kb1 Bd6 19. f4 Rd8 20. Ne4 Nxe4 21. Qxe4 f5 22. Qe2 Bxe5 23. dxe5 b5 24. Rxd8+ Qxd8 25. Rd1 Qe8 26. c5 Ra4 27. b3 Rxf4 28. Qd2 Re4 29. Qa5 Qe7 30. a4 bxa4 31. b4 Rxe5 32. Qa8+ 1/2-1/2

[Event "British CF-70 Championship"]
[Site "Southport/ Merseyside"]
[Date "1983.08.18"]
[Round "10"]
[White "Cummings, David"]
[Black "Littlewood, John Eric"]
[Result "1-0"]
[WhiteElo "2360"]
[BlackElo "2380"]
[PlyCount "83"]
[GameId "1114898467921920"]
[EventDate "1983.08.08"]
[EventType "swiss"]
[EventRounds "11"]
[EventCountry "ENG"]
[SourceTitle "EXT 1999"]
[Source "ChessBase"]
[SourceDate "1998.11.10"]
[SourceVersion "1"]
[SourceVersionDate "1998.11.10"]
[SourceQuality "1"]

1. Nf3 d6 2. d4 g6 3. c4 Bg7 4. Nc3 Bg4 5. e3 Nc6 6. d5 Ne5 7. Be2 Nxf3+ 8. Bxf3 Bxf3 9. Qxf3 Nf6 10. O-O O-O 11. e4 Qd7 12. Qe2 Rae8 13. f3 e6 14. Be3 a6 15. dxe6 Rxe6 16. Rad1 c6 17. Qd2 Rd8 18. Bg5 b5 19. cxb5 axb5 20. Kh1 Ra8 21. a3 Qb7 22. Ne2 Nd7 23. Bh6 Nb6 24. Bxg7 Kxg7 25. Nf4 Re5 26. Qxd6 Nc4 27. Qd4 Qa7 28. Qc3 Qa5 29. Qc1 Qc7 30. a4 Qa7 31. Rd3 Qb7 32. b3 Na5 33. Qc3 f6 34. Rfd1 Ra7 35. axb5 Qxb5 36. b4 Nc4 37. Rd4 Nb6 38. Nd3 Ree7 39. Rd6 Qg5 40. f4 Na4 41. fxg5 Nxc3 42. gxf6+ 1-0

[Event "British CF-70 Championship"]
[Site "Southport/ Merseyside"]
[Date "1983.08.19"]
[Round "11"]
[White "Lawton, Geoffrey W"]
[Black "Cummings, David"]
[Result "1/2-1/2"]
[WhiteElo "2380"]
[BlackElo "2360"]
[PlyCount "22"]
[GameId "1114898468057088"]
[EventDate "1983.08.08"]
[EventType "swiss"]
[EventRounds "11"]
[EventCountry "ENG"]
[SourceTitle "EXT 1999"]
[Source "ChessBase"]
[SourceDate "1998.11.10"]
[SourceVersion "1"]
[SourceVersionDate "1998.11.10"]
[SourceQuality "1"]

1. e4 c5 2. Nf3 e6 3. d4 cxd4 4. Nxd4 Nc6 5. Nb5 d6 6. c4 Nf6 7. N1c3 a6 8. Na3 Be7 9. Be2 O-O 10. O-O b6 11. Be3 Bb7 1/2-1/2

[Event "Lloyds Bank op 07th"]
[Site "London"]
[Date "1983.08.28"]
[Round "5"]
[White "Cummings, David"]
[Black "Barua, Dibyendu"]
[Result "1/2-1/2"]
[WhiteElo "2360"]
[BlackElo "2390"]
[PlyCount "99"]
[GameId "1114898476683264"]
[EventDate "1983.08.24"]
[EventType "swiss"]
[EventRounds "9"]
[EventCountry "ENG"]
[SourceTitle "EXT 2000"]
[Source "ChessBase"]
[SourceDate "1999.11.18"]
[SourceVersion "1"]
[SourceVersionDate "1999.11.18"]
[SourceQuality "1"]

1. Nf3 d5 2. g3 Nf6 3. Bg2 g6 4. c4 d4 5. O-O Bg7 6. d3 O-O 7. b4 a5 8. b5 c5 9. bxc6 Nxc6 10. Nbd2 e5 11. Ba3 Re8 12. Ng5 Nb4 13. Qb3 Qe7 14. Rfb1 Bf8 15. Bxb4 axb4 16. c5 Nd7 17. Nge4 Nxc5 18. Qxb4 Nxe4 19. Qxe7 Rxe7 20. Bxe4 Ra7 21. a4 Rc7 22. Nc4 Rc5 23. Rb6 Be7 24. a5 Bd8 25. Rb2 Bxa5 26. Nxa5 Rcxa5 27. Rxa5 Rxa5 28. Bxb7 Bh3 29. Rb1 Ra2 30. Re1 Kg7 31. f3 f5 32. f4 Kf6 33. fxe5+ Kxe5 34. Kf2 f4 35. Rb1 fxg3+ 36. hxg3 Bf5 37. Rb5+ Kf6 38. Rb6+ Ke5 39. Rb5+ Kd6 40. Rb4 Ke5 41. Rb5+ Kf6 42. Rb6+ Ke7 43. Bd5 Rc2 44. Bb3 Rb2 45. Rb7+ Kd6 46. Bd5 Rd2 47. Bf3 Rc2 48. Rb6+ Kc7 49. Rb4 Bxd3 50. Rxd4 1/2-1/2

[Event "Lloyds Bank op 07th"]
[Site "London"]
[Date "1983.08.30"]
[Round "7"]
[White "Murey, Jacob"]
[Black "Cummings, David"]
[Result "0-1"]
[WhiteElo "2500"]
[BlackElo "2360"]
[PlyCount "96"]
[GameId "1114898476806144"]
[EventDate "1983.08.24"]
[EventType "swiss"]
[EventRounds "9"]
[EventCountry "ENG"]
[SourceTitle "EXT 2000"]
[Source "ChessBase"]
[SourceDate "1999.11.18"]
[SourceVersion "1"]
[SourceVersionDate "1999.11.18"]
[SourceQuality "1"]

1. c4 c5 2. Nc3 g6 3. Nf3 Bg7 4. d4 cxd4 5. Nxd4 Nc6 6. Nb3 Nf6 7. e4 O-O 8. Be2 b6 9. O-O Bb7 10. c5 Rc8 11. Bf4 Na5 12. e5 Ne4 13. Nxe4 Bxe4 14. Nxa5 bxa5 15. Re1 Bc6 16. Rc1 e6 17. Bf3 Qe7 18. Qd6 Rfe8 19. Qxe7 Rxe7 20. b3 Bxf3 21. gxf3 Ree8 22. Re4 Bf8 23. Be3 Rb8 24. Rd1 Rec8 25. Rxd7 Bxc5 26. Bxc5 Rxc5 27. Rxa7 Rb4 28. Rxb4 axb4 29. f4 Rc2 30. Kg2 Kg7 31. h3 h6 32. h4 Rd2 33. Kf3 Rd1 34. Ke3 Rc1 35. f3 Rc2 36. Ra4 Rh2 37. Kd3 Rf2 38. Kc4 Rxf3 39. Rxb4 Rxf4+ 40. Kc5 Rxb4 41. Kxb4 g5 42. hxg5 h5 43. Kc5 h4 44. b4 h3 45. a4 h2 46. a5 h1=Q 47. b5 Qb7 48. a6 Qc7+ 0-1

[Event "Lloyds Bank op 07th"]
[Site "London"]
[Date "1983.08.31"]
[Round "8"]
[White "Cummings, David"]
[Black "Matanovic, Aleksandar"]
[Result "1/2-1/2"]
[WhiteElo "2360"]
[BlackElo "2485"]
[PlyCount "21"]
[GameId "1114898476859392"]
[EventDate "1983.08.24"]
[EventType "swiss"]
[EventRounds "9"]
[EventCountry "ENG"]
[SourceTitle "EXT 2000"]
[Source "ChessBase"]
[SourceDate "1999.11.18"]
[SourceVersion "1"]
[SourceVersionDate "1999.11.18"]
[SourceQuality "1"]

1. Nf3 Nf6 2. c4 e6 3. g3 d5 4. Bg2 c6 5. b3 b5 6. Bb2 Nbd7 7. Qc2 bxc4 8. bxc4 Rb8 9. O-O Be7 10. d3 Qb6 11. Bc3 1/2-1/2

[Event "Lloyds Bank op 07th"]
[Site "London"]
[Date "1983.09.01"]
[Round "9"]
[White "Watson, William N"]
[Black "Cummings, David"]
[Result "1-0"]
[WhiteElo "2395"]
[BlackElo "2360"]
[PlyCount "99"]
[GameId "1114898476953600"]
[EventDate "1983.08.24"]
[EventType "swiss"]
[EventRounds "9"]
[EventCountry "ENG"]
[SourceTitle "EXT 2000"]
[Source "ChessBase"]
[SourceDate "1999.11.18"]
[SourceVersion "1"]
[SourceVersionDate "1999.11.18"]
[SourceQuality "1"]

1. e4 c6 2. d4 d5 3. Nd2 dxe4 4. Nxe4 Bf5 5. Ng3 Bg6 6. h4 h6 7. Nf3 Nd7 8. h5 Bh7 9. Bd3 Bxd3 10. Qxd3 e6 11. Bd2 Ngf6 12. O-O-O Be7 13. Ne4 Nxe4 14. Qxe4 Nf6 15. Qe2 Qd5 16. c4 Qe4 17. Qf1 Qf5 18. Re1 Ne4 19. Be3 Bb4 20. Rd1 a5 21. Qd3 Nf6 22. Qxf5 exf5 23. Nh4 f4 24. Bxf4 Nxh5 25. Be5 Be7 26. Nf5 f6 27. Rxh5 g6 28. Nxe7 Kxe7 29. Bxf6+ Kxf6 30. Re5 Rhd8 31. f4 h5 32. Kc2 Rd6 33. Kc3 b6 34. Rde1 Rad8 35. R1e4 c5 36. d5 a4 37. Re6+ Kf5 38. R4e5+ Kxf4 39. Rxd6 Rxd6 40. Re6 Rd8 41. Rxg6 b5 42. cxb5 Rxd5 43. b6 Rd4 44. a3 Re4 45. b7 Re3+ 46. Kc4 Rb3 47. Rg7 Rxb2 48. Kxc5 Rb3 49. Kc6 Rc3+ 50. Kd7 1-0